000 00637nam a2200241Ia 4500
003 OSt
005 20230518105518.0
008 210423s2010 xx 000 0 und d
020 _a978-0-07-107067-6
040 _cAL
041 _aeng
082 _a302.2
_223
_bGAMC
100 _aGAMBLE (Teri Kwal);GAMBLE (Michael)
_9107873
245 _aCommunication works Ed 9
250 _a9
260 _aNew Delhi
_bTata McGraw-hill
_c2010
300 _axv,529
_bPB
365 _b588.75
_cINR
650 _aCommunication
_9107874
650 _aSocial Interaction
_9107875
906 _a9 ; Communication ; Ed ; works
942 _2ddc
_cBK
999 _c166702
_d166702